| 000 | 00747cam a22002413a 4500 | ||
|---|---|---|---|
| 001 | 19548 | ||
| 003 | PGUSA | ||
| 005 | 20140828083420.0 | ||
| 008 | 061015s2006||||xxu|||||s|||||000 | eng d | ||
| 040 |
_aPGUSA _beng |
||
| 042 | _adc | ||
| 050 | 4 | _aE660 | |
| 100 | 1 |
_aHoar, George Frisbie, _d1826-1904 |
|
| 245 | 1 | 0 |
_aAutobiography of Seventy Years, Vol. 1-2 _h[electronic resource] / _cGeorge Frisbie Hoar |
| 260 |
_bProject Gutenberg, _c2006 |
||
| 506 | _aPublic domain in the USA. | ||
| 516 | _aElectronic text | ||
| 653 | _aUnited States -- History -- 1865-1921 | ||
| 653 | _aUnited States -- Politics and government -- 1865-1900 | ||
| 830 | 0 |
_aProject Gutenberg _v19548 |
|
| 856 | 4 | 0 | _uhttp://www.gutenberg.org/ebooks/19548 |
| 942 | _cEB | ||
| 999 |
_c248803 _d248803 |
||